Rahsia di Banjaran Titiwangsa

Bibliographic Details
Main Author: Nir Shahmer
Format: Book
Published: Selangor : Tulip Publications , 2006
Series:Siri ekspedisi mencabar
Subjects:

MARC

LEADER 00000cam a2200000 7i4500
001 0000000492
005 20151222.0
008 070702
020 |a 9833535070(set) 
020 |a 9833535135 
090 0 0 |a JF   |b AD MAL (32) 
100 0 |a Nir Shahmer 
245 1 0 |a Rahsia di Banjaran Titiwangsa   |c Nir Shahmer 
260 |a Selangor :   |b Tulip Publications ,   |c 2006 
440 |a Siri ekspedisi mencabar 
500 |a Children ages 7-9 years old (orange) 
650 0 |a Adventure stories 
650 0 |a Malay fiction 
650 0 |a Mystery and detective stories 
999 |a 0000960529   |b Book   |c Children Collection   |e Perbadanan Perpustakaan Awam Johor 
999 |a 0000960530   |b Book   |c Children Collection   |e Perbadanan Perpustakaan Awam Johor 
999 |a 0000960531   |b Book   |c Children Collection   |e Cawangan Bukit Gambir 
999 |a 0000960532   |b Book   |c Children Collection   |e Perbadanan Perpustakaan Awam Johor 
999 |a 0000960533   |b Book   |c Children Collection   |e Perbadanan Perpustakaan Awam Johor